000 00372cam a2200145ua 4500
041 _amal
_h
082 _a894.301
_bPAR/JE
100 _aParappurath, .
245 _aJeevithathintae Albathininnu /
_cparappurath.
_hTextual Documents
260 _aKonni :
_bVenus Press & Book Depot, ,
_c1960.
300 _a101 ; .
504 _a
942 _cBK
999 _c12351
_d12351